=LDR 00000nam 2200000 4500 =001 001106 =005 20250713112327 =035 ##$$a 0010-0725000989 =007 ta =008 250713################a##########0#ind## =020 ##$$a 987-623-118-813-7 =082 ##$$a 398. 209 598 =084 ##$$a 398. 209 598 FIT a =100 #$$a Fitriani, Erna =245 1#$$a Ayo, Bekukuak Ciek! /$c Erna Fitriani =250 ##$$a Cetakan Pertama =260 ##$$a Jakarta Timur :$b Badan Pengembangan dan Pembinaan Bahasa,$c 2023 =300 ##$$a 24 hlm. : $b Ilus. ; $c 29,7 cm =990 ##$$a TBM202400666